| 000 | 00473nam a22001577a 4500 | ||
|---|---|---|---|
| 008 | 230621b |||||||| |||| 00| 0 eng d | ||
| 020 | _a9780080340715 | ||
| 040 |
_aNational Science Library _cNational Science Library |
||
| 080 |
_aR 620.9(038)=00 _bM3;M6 |
||
| 245 |
_a Energy terminology: _bA multi-lingual glossary |
||
| 260 |
_aOxford: _bPergamon Press, _c1986 |
||
| 300 | _a xxiii, 539p. | ||
| 650 | _aScience | ||
| 653 | _aEnergy terminology | ||
| 942 |
_2udc _cREF |
||
| 999 |
_c45993 _d45993 |
||